LEADER 01272nam a2200325 a 4500 001 000000175934 003 CaOOAMICUS 005 20230614121208.0 008 230614s2015 it 000 u ita r 020 $a978-88-15-25974-5 032 $aLibriCat 040 $aPUL$bita 082 14$a304.6 100 1 $aLivi Bacci, Massimo.$0(OLS)http://pul/name/65826 245 13$aIl pianeta stretto /$cMassimo Livi Bacci. 260 $aBologna :$bIl Mulino,$c©2015. 300 $a163 pagine ;$c22 cm. 490 1 $aContemporanea ;$a249 650 4$aDemografia.$0(OLS)http://pul/subject/2736 650 4$aPopolazione.$0(OLS)http://pul/subject/6755 830 0$aContemporanea (Il Mulino) ;$v249.$0(OLS)http://pul/title/169917 850 $aPUL 852 $aPUL$W1$xSL Diritto e Scienze Sociali 3$y79$m304. 6 LIBAM 1$j200100$qDDC 21$B204881$CPULBib$Z2$F204881 $H136287 $82 941 1 $a9 960 $aControllo demografico$92736 996 $6020$a978-88-15-25974-5$9(OLS)http://pul/number/169174 996 $6082$a304.6$9(OLS)http://pul/classification/2227 996 $6245$aIl pianeta stretto / $9(OLS)http://pul/title/217415 996 $6260$aBologna :$bIl Mulino$9(OLS)http://pul/publisher/47928 LEADER 01202nam a2200277 a 4500 001 000000134150 003 CaOOAMICUS 005 20130530101616.0 008 130530s2008 it af u000 u ita r 020 $a978-88-215-6229-7 040 $aPUL$bita 082 04$a282.092 245 03$aLa gloria di Dio è l'uomo vivente :$bAldo Del Monte vescovo di Novara /$cDorino Tuniz (cur.) 260 $aCinisello Balsamo :$bSan Paolo,$c2008. 300 $a186 p., [4] c. di tav. :$bill. ;$c22 cm 504 $aBibliografia in nota. 600 14$aDel Monte, Aldo,$cvescovo di Novara,$d1915-2005.$0(OLS)http://pul/subject/39630 700 1 $aTuniz, Dorino.$0(OLS)http://pul/name/12562 850 $aPUL 852 $aPUL$W1$xDP2 Religione 3$y114$m282. 092 TUNDO 1$j154228$qDDC 21$B153782$CPULBib$Z2$F153782 $H107695 $82 941 1 $a9 996 $6020$a978-88-215-6229-7$9(OLS)http://pul/number/152879 996 $6082$a282.092$9(OLS)http://pul/classification/402 996 $6245$aLa gloria di Dio è l'uomo vivente :$bAldo Del Monte vescovo di Novara$9(OLS)http://pul/title/169592 996 $6260$aCinisello Balsamo :$bSan Paolo$9(OLS)http://pul/publisher/54577